| 000 | 00989nam a2200193 a 4500 | ||
|---|---|---|---|
| 001 | 50376 | ||
| 005 | 20180714035427.0 | ||
| 008 | 140415s2000 mx 000 0 spa d | ||
| 020 | _a9700750043 | ||
| 041 | _aspa | ||
| 082 |
_a342.0852 _bCAS |
||
| 100 | 1 | _aCASAS DUARTE, REYES HUMBERTO DE LAS | |
| 245 | 1 | 0 | _aDERECHO ISLAMICO COMPARADO CON EL DERECHO EN MEXICO Y ESPAÑA |
| 250 | _a1a ed. | ||
| 260 |
_aMEXICO : _bPORRUA, _c2000 |
||
| 300 |
_a177 _c23 x 15.6 x 0.7 |
||
| 520 | _aLOS PAISES ISLAMICOS QUE INTRODUCEN CODIGOS DE DERECHO CIVIL O PROCESAL A SU NORMATIVIDAD DADO EL ACTUAL PROCESO DE GLOBALIZACION PADECE ENFRENTAMIENTOS CULTURALES PUES RIGUROSOS ESPIRITUS ISLAMICOS EXIGEN QUE LA LEGIALACION SEA COMPATIBLE CON EL CORAN SU LIBRO SAGRADO. LA HIPOTESIS QUE SOSTIENE EL AUTOR DE ESTE LIBRO ES QUE EL DERECHO ISLAMICO QUE SE BASA UNICAMENTE EN EL CORAN ES ARCAICO RUDIMENTARIO. | ||
| 650 | 1 | 4 |
_aDERECHO COMPARADO _xISLAMISMO _xRELIGION Y DERECHO _xDERECHO ISLAMICO |
| 999 |
_c50376 _d50376 |
||